[Event "DEM U18w 2019"]
[Site "Willingen GER"]
[Date "2019.06.12"]
[Round "5"]
[White "Browning, Rebecca"]
[Black "Möller, Lisa-Marie"]
[Result "0-1"]
[Termination "normal"]
[Board "6"]
[WhiteElo "1923"]
[BlackElo "1900"]
[WhiteClock "00:24:32"]
[BlackClock "00:15:07"]
[PlyCount "118"]
[WhiteFideId "12984027"]
[BlackFideId "12959367"]
[EventCountry "GER"]
[EventRounds "9"]
[EventType "swiss"]
[EventDate "2019.06.08"]

1. e4 {[%clk 1:30:59]} 1... c5 {[%clk 1:30:55]} 2. c3 {[%clk 1:31:27]} 2... Nf6
{[%clk 1:31:20]} 3. e5 {[%clk 1:31:38]} 3... Nd5 {[%clk 1:31:45]} 4. d4 { [%clk
1:32:02]} 4... cxd4 {[%clk 1:32:07]} 5. cxd4 {[%clk 1:32:28]} 5... d6 { [%clk
1:31:54]} 6. exd6 {[%clk 1:31:26]} 6... Qxd6 {[%clk 1:31:44]} 7. Nc3 { [%clk
1:30:14]} 7... Nxc3 {[%clk 1:29:22]} 8. bxc3 {[%clk 1:30:40]} 8... g6 { [%clk
1:28:04]} 9. Nf3 {[%clk 1:30:52]} 9... Bg7 {[%clk 1:27:39]} 10. Bd3 { [%clk
1:29:48]} 10... O-O {[%clk 1:26:30]} 11. O-O {[%clk 1:30:04]} 11... Rd8 { [%clk
1:25:32]} 12. Qb3 {[%clk 1:25:46]} 12... Nc6 {[%clk 1:21:25]} 13. Ba3 { [%clk
1:24:06]} 13... Qc7 {[%clk 1:15:47]} 14. Be4 {[%clk 1:18:34]} 14... Be6 { [%clk
1:08:31]} 15. Qb2 {[%clk 1:13:37]} 15... Rac8 {[%clk 1:03:21]} 16. Bxc6 { [%clk
1:01:40]} 16... bxc6 {[%clk 1:02:46]} 17. Qb4 {[%clk 1:00:28]} 17... Bf6 {[%clk
0:59:59]} 18. Rfe1 {[%clk 0:53:11]} 18... Rd5 {[%clk 0:54:29]} 19. Qb2 { [%clk
0:46:30]} 19... Rb8 {[%clk 0:50:34]} 20. Qd2 {[%clk 0:46:34]} 20... Rh5 { [%clk
0:40:44]} 21. g3 {[%clk 0:44:34]} 21... Bg4 {[%clk 0:36:26]} 22. Qe3 { [%clk
0:40:07]} 22... Qd7 {[%clk 0:34:24]} 23. Ne5 {[%clk 0:34:01]} 23... Bxe5 {[%clk
0:28:50]} 24. dxe5 {[%clk 0:34:27]} 24... Rf5 {[%clk 0:20:13]} 25. Qd4 { [%clk
0:32:16]} 25... Qxd4 {[%clk 0:19:46]} 26. cxd4 {[%clk 0:32:42]} 26... Rf3
{[%clk 0:18:59]} 27. Re3 {[%clk 0:28:38]} 27... Kf8 {[%clk 0:17:47]} 28. Rc1 {
[%clk 0:26:22]} 28... Rxe3 {[%clk 0:17:29]} 29. fxe3 {[%clk 0:26:48]} 29... Bf3
{[%clk 0:17:07]} 30. Ra1 {[%clk 0:17:39]} 30... Rb5 {[%clk 0:13:10]} 31. Kf2 {
[%clk 0:17:09]} 31... Bd5 {[%clk 0:13:07]} 32. Bc1 {[%clk 0:17:29]} 32... Ra5 {
[%clk 0:11:56]} 33. a3 {[%clk 0:17:53]} 33... Rb5 {[%clk 0:11:01]} 34. Ke1 {
[%clk 0:17:33]} 34... Ke8 {[%clk 0:08:39]} 35. Kd2 {[%clk 0:17:41]} 35... Kd7 {
[%clk 0:07:50]} 36. a4 {[%clk 0:16:40]} 36... Rb7 {[%clk 0:05:52]} 37. Ra3 {
[%clk 0:16:02]} 37... Rb1 {[%clk 0:04:27]} 38. a5 {[%clk 0:14:41]} 38... Ke6 {
[%clk 0:03:35]} 39. Rc3 {[%clk 0:13:35]} 39... Rb5 {[%clk 0:03:10]} 40. Ra3 {
[%clk 0:13:59]} 40... Kf5 {[%clk 0:02:27]} 41. Ke2 {[%clk 0:05:44]} 41... Rb1 {
[%clk 0:28:08]} 42. Bd2 {[%clk 0:31:19]} 42... Kg4 {[%clk 0:24:20]} 43. h4 {
[%clk 0:29:30]} 43... Bc4+ {[%clk 0:23:45]} 44. Kf2 {[%clk 0:29:48]} 44... Rb2
{[%clk 0:23:57]} 45. Ke1 {[%clk 0:30:10]} 45... Kxg3 {[%clk 0:23:50]} 46. Rc3 {
[%clk 0:30:22]} 46... Bb5 {[%clk 0:21:37]} 47. e4+ {[%clk 0:30:13]} 47... Kxh4
{[%clk 0:21:43]} 48. d5 {[%clk 0:30:33]} 48... cxd5 {[%clk 0:20:02]} 49. exd5 {
[%clk 0:30:55]} 49... Rb1+ {[%clk 0:19:41]} 50. Kf2 {[%clk 0:31:06]} 50... Rf1+
{[%clk 0:18:29]} 51. Kg2 {[%clk 0:25:43]} 51... Rd1 {[%clk 0:18:23]} 52. Rc2 {
[%clk 0:23:41]} 52... Bd3 {[%clk 0:17:05]} 53. Rb2 {[%clk 0:23:49]} 53... Be4+
{[%clk 0:17:17]} 54. Kf2 {[%clk 0:24:07]} 54... Bxd5 {[%clk 0:17:08]} 55. Rb4+
{[%clk 0:24:10]} 55... Kh5 {[%clk 0:16:03]} 56. Rd4 {[%clk 0:24:27]} 56... Be6
{[%clk 0:15:24]} 57. Ke2 {[%clk 0:24:18]} 57... Rb1 {[%clk 0:14:58]} 58. Be1 {
[%clk 0:24:31]} 58... g5 {[%clk 0:15:03]} 59. Bf2 {[%clk 0:24:32]} 59... Rb5 {
[%clk 0:15:07]} 0-1

[Event "DEM U18w 2019"]
[Site "Willingen GER"]
[Date "2019.06.12"]
[Round "5"]
[White "Fock, Sana"]
[Black "Schiewe, Nadin"]
[Result "1-0"]
[Termination "normal"]
[Board "8"]
[WhiteElo "1796"]
[BlackElo "1608"]
[WhiteClock "00:33:35"]
[BlackClock "00:28:47"]
[PlyCount "47"]
[WhiteFideId "12981966"]
[BlackFideId "16209079"]
[EventCountry "GER"]
[EventRounds "9"]
[EventType "swiss"]
[EventDate "2019.06.08"]

1. e4 {[%clk 1:30:59]} 1... d6 {[%clk 1:30:48]} 2. d4 {[%clk 1:31:23]} 2... Nf6
{[%clk 1:31:05]} 3. Nc3 {[%clk 1:31:38]} 3... g6 {[%clk 1:31:23]} 4. f3 { [%clk
1:31:31]} 4... c6 {[%clk 1:31:05]} 5. Be3 {[%clk 1:31:41]} 5... Nbd7 { [%clk
1:30:37]} 6. Qd2 {[%clk 1:30:30]} 6... b5 {[%clk 1:29:14]} 7. h4 { [%clk
1:27:53]} 7... h5 {[%clk 1:28:09]} 8. Nh3 {[%clk 1:27:03]} 8... Bg7 { [%clk
1:25:22]} 9. Ng5 {[%clk 1:25:06]} 9... Bb7 {[%clk 1:22:11]} 10. O-O-O { [%clk
1:17:37]} 10... O-O {[%clk 1:15:15]} 11. Ne2 {[%clk 1:12:31]} 11... a5 { [%clk
1:08:25]} 12. g4 {[%clk 1:02:21]} 12... c5 {[%clk 0:58:55]} 13. Ng3 { [%clk
0:56:27]} 13... hxg4 {[%clk 0:51:34]} 14. h5 {[%clk 0:55:09]} 14... gxh5 {[%clk
0:49:44]} 15. Nxh5 {[%clk 0:54:43]} 15... Nxh5 {[%clk 0:48:02]} 16. Rxh5 {[%clk
0:52:51]} 16... Nf6 {[%clk 0:46:19]} 17. Qh2 {[%clk 0:43:41]} 17... g3 { [%clk
0:38:23]} 18. Qh4 {[%clk 0:42:22]} 18... Qc7 {[%clk 0:36:21]} 19. e5 { [%clk
0:34:59]} 19... dxe5 {[%clk 0:36:20]} 20. dxe5 {[%clk 0:35:26]} 20... Qxe5
{[%clk 0:35:52]} 21. Bf4 {[%clk 0:35:37]} 21... Qf5 {[%clk 0:31:46]} 22. Bd3
{[%clk 0:35:21]} 22... Qxf4+ {[%clk 0:28:26]} 23. Qxf4 {[%clk 0:33:57]} 23...
Nxh5 {[%clk 0:28:47]} 24. Qh4 {[%clk 0:33:35]} 1-0

[Event "DEM U18w 2019"]
[Site "Willingen GER"]
[Date "2019.06.12"]
[Round "5"]
[White "Alferova, Ekaterina"]
[Black "Fuchs, Emily"]
[Result "1/2-1/2"]
[Termination "normal"]
[Board "9"]
[WhiteElo "1597"]
[BlackElo "1384"]
[WhiteClock "00:05:27"]
[BlackClock "00:00:56"]
[PlyCount "137"]
[WhiteFideId "16217250"]
[BlackFideId "16208986"]
[EventCountry "GER"]
[EventRounds "9"]
[EventType "swiss"]
[EventDate "2019.06.08"]

1. d4 {[%clk 1:30:58]} 1... Nf6 {[%clk 1:30:55]} 2. Bf4 {[%clk 1:31:22]} 2...
e6 {[%clk 1:31:20]} 3. e3 {[%clk 1:31:46]} 3... c5 {[%clk 1:31:44]} 4. c3 {
[%clk 1:32:11]} 4... b6 {[%clk 1:31:57]} 5. Nf3 {[%clk 1:32:35]} 5... Bb7 {
[%clk 1:32:16]} 6. h3 {[%clk 1:32:59]} 6... Nc6 {[%clk 1:32:33]} 7. Bd3 { [%clk
1:33:12]} 7... Be7 {[%clk 1:32:49]} 8. Nbd2 {[%clk 1:33:18]} 8... d5 { [%clk
1:32:22]} 9. O-O {[%clk 1:33:33]} 9... O-O {[%clk 1:32:40]} 10. Re1 { [%clk
1:32:59]} 10... cxd4 {[%clk 1:30:31]} 11. exd4 {[%clk 1:32:17]} 11... a5 {[%clk
1:28:31]} 12. Qe2 {[%clk 1:26:21]} 12... Qc8 {[%clk 1:19:20]} 13. Ne5 { [%clk
1:03:43]} 13... Nxe5 {[%clk 1:14:32]} 14. dxe5 {[%clk 1:02:38]} 14... Nd7
{[%clk 1:02:04]} 15. Qg4 {[%clk 1:02:32]} 15... Re8 {[%clk 0:59:13]} 16. Re3 {
[%clk 1:01:02]} 16... Bf8 {[%clk 0:53:01]} 17. Qh4 {[%clk 0:57:23]} 17... g6 {
[%clk 0:50:55]} 18. Nf3 {[%clk 0:54:52]} 18... Bg7 {[%clk 0:45:24]} 19. Ng5 {
[%clk 0:54:07]} 19... Nf8 {[%clk 0:42:08]} 20. Rg3 {[%clk 0:41:19]} 20... h6 {
[%clk 0:33:36]} 21. Nf3 {[%clk 0:33:30]} 21... Qd8 {[%clk 0:32:22]} 22. Qg4 {
[%clk 0:31:57]} 22... h5 {[%clk 0:31:24]} 23. Qh4 {[%clk 0:25:58]} 23... Qxh4 {
[%clk 0:30:11]} 24. Nxh4 {[%clk 0:26:23]} 24... Ba6 {[%clk 0:25:46]} 25. Re1 {
[%clk 0:23:41]} 25... Nd7 {[%clk 0:24:06]} 26. Bxa6 {[%clk 0:23:21]} 26... Rxa6
{[%clk 0:24:16]} 27. Nf3 {[%clk 0:22:48]} 27... b5 {[%clk 0:18:23]} 28. a3 {
[%clk 0:21:15]} 28... Rb8 {[%clk 0:16:50]} 29. Bd2 {[%clk 0:17:19]} 29... Nc5 {
[%clk 0:16:13]} 30. Nd4 {[%clk 0:10:05]} 30... Ne4 {[%clk 0:15:28]} 31. Rd3 {
[%clk 0:09:49]} 31... Bxe5 {[%clk 0:15:11]} 32. Be3 {[%clk 0:07:42]} 32... b4 {
[%clk 0:08:29]} 33. axb4 {[%clk 0:06:32]} 33... axb4 {[%clk 0:08:48]} 34. Nf3 {
[%clk 0:04:39]} 34... Bg7 {[%clk 0:07:24]} 35. Bd4 {[%clk 0:03:26]} 35... bxc3
{[%clk 0:06:42]} 36. bxc3 {[%clk 0:01:49]} 36... Ra3 {[%clk 0:05:55]} 37. Rc1 {
[%clk 0:01:46]} 37... Rc8 {[%clk 0:05:51]} 38. Ne5 {[%clk 0:01:28]} 38... Bxe5
{[%clk 0:02:14]} 39. Bxe5 {[%clk 0:01:40]} 39... f6 {[%clk 0:02:20]} 40. Bd4 {
[%clk 0:01:07]} 40... e5 {[%clk 0:01:52]} 41. f3 {[%clk 0:00:51]} 41... exd4 {
[%clk 0:30:23]} 42. fxe4 {[%clk 0:30:39]} 42... dxe4 {[%clk 0:27:10]} 43. Rxd4
{[%clk 0:30:49]} 43... Raxc3 {[%clk 0:26:35]} 44. Rxc3 {[%clk 0:30:51]} 44...
Rxc3 {[%clk 0:27:00]} 45. Rxe4 {[%clk 0:31:17]} 45... Kf7 {[%clk 0:27:07]} 46.
Kf2 {[%clk 0:30:54]} 46... f5 {[%clk 0:22:38]} 47. Rb4 {[%clk 0:30:30]} 47...
Rc5 {[%clk 0:16:46]} 48. Kf3 {[%clk 0:29:42]} 48... g5 {[%clk 0:16:19]} 49. Rb6
{[%clk 0:27:05]} 49... Re5 {[%clk 0:10:55]} 50. Rh6 {[%clk 0:24:29]} 50... h4 {
[%clk 0:10:01]} 51. Rb6 {[%clk 0:24:17]} 51... Re6 {[%clk 0:09:20]} 52. Rb5 {
[%clk 0:24:34]} 52... Kg6 {[%clk 0:09:15]} 53. Rd5 {[%clk 0:24:31]} 53... Rb6 {
[%clk 0:08:05]} 54. Rc5 {[%clk 0:23:14]} 54... Rb3+ {[%clk 0:07:51]} 55. Kf2 {
[%clk 0:23:36]} 55... Rg3 {[%clk 0:07:13]} 56. Rc6+ {[%clk 0:21:53]} 56... Kf7
{[%clk 0:07:30]} 57. Rd6 {[%clk 0:20:47]} 57... f4 {[%clk 0:07:02]} 58. Rb6 {
[%clk 0:19:28]} 58... Kg7 {[%clk 0:05:54]} 59. Re6 {[%clk 0:16:26]} 59... f3 {
[%clk 0:04:19]} 60. Re3 {[%clk 0:12:19]} 60... Rxg2+ {[%clk 0:02:11]} 61. Kxf3
{[%clk 0:12:40]} 61... Rh2 {[%clk 0:01:25]} 62. Ke4 {[%clk 0:10:40]} 62... Kg6
{[%clk 0:01:33]} 63. Ke5 {[%clk 0:07:01]} 63... Kh5 {[%clk 0:00:59]} 64. Rf3 {
[%clk 0:06:21]} 64... Re2+ {[%clk 0:01:04]} 65. Kf6 {[%clk 0:05:27]} 65... Ra2
{[%clk 0:00:56]} 66. Rf5 Ra6+ 67. Ke5 Ra5+ 68. Kf6 Rxf5+ 69. Kxf5 1/2-1/2

[Event "DEM U18w 2019"]
[Site "Willingen GER"]
[Date "2019.06.12"]
[Round "5"]
[White "Kadach, Maria"]
[Black "Tampe, Friederike"]
[Result "0-1"]
[Termination "normal"]
[Board "10"]
[WhiteElo "1460"]
[BlackElo "1512"]
[WhiteClock "00:03:50"]
[BlackClock "00:08:39"]
[PlyCount "210"]
[WhiteFideId "16261798"]
[BlackFideId "12973939"]
[EventCountry "GER"]
[EventRounds "9"]
[EventType "swiss"]
[EventDate "2019.06.08"]

1. d4 {[%clk 1:30:58]} 1... d5 {[%clk 1:30:55]} 2. Nf3 {[%clk 1:31:22]} 2...
Nf6 {[%clk 1:31:12]} 3. Bf4 {[%clk 1:31:45]} 3... e6 {[%clk 1:31:32]} 4. e3 {
[%clk 1:32:04]} 4... Bd6 {[%clk 1:31:57]} 5. Bg3 {[%clk 1:32:22]} 5... O-O {
[%clk 1:32:13]} 6. Nbd2 {[%clk 1:32:25]} 6... c5 {[%clk 1:32:30]} 7. c3 { [%clk
1:32:37]} 7... Nc6 {[%clk 1:32:37]} 8. Bd3 {[%clk 1:32:23]} 8... b6 { [%clk
1:32:52]} 9. Qb1 {[%clk 1:27:49]} 9... Bb7 {[%clk 1:24:38]} 10. O-O { [%clk
1:15:17]} 10... Re8 {[%clk 1:21:31]} 11. Ne5 {[%clk 1:05:57]} 11... Ne7 { [%clk
1:06:30]} 12. f4 {[%clk 1:02:09]} 12... g6 {[%clk 1:03:51]} 13. Be2 { [%clk
0:59:32]} 13... Nf5 {[%clk 1:02:31]} 14. Bf2 {[%clk 0:59:20]} 14... Be7 { [%clk
1:02:09]} 15. g4 {[%clk 0:52:27]} 15... Nd6 {[%clk 1:02:02]} 16. g5 { [%clk
0:50:38]} 16... Nfe4 {[%clk 1:02:14]} 17. Nxe4 {[%clk 0:50:02]} 17... Nxe4
{[%clk 1:01:48]} 18. Qe1 {[%clk 0:49:39]} 18... c4 {[%clk 1:00:07]} 19. h4
{[%clk 0:48:07]} 19... b5 {[%clk 0:58:59]} 20. h5 {[%clk 0:42:46]} 20... Bf8 {
[%clk 0:58:40]} 21. hxg6 {[%clk 0:38:54]} 21... hxg6 {[%clk 0:58:56]} 22. Bh4 {
[%clk 0:31:17]} 22... Bg7 {[%clk 0:56:38]} 23. Ng4 {[%clk 0:25:49]} 23... Kf8 {
[%clk 0:50:49]} 24. Kg2 {[%clk 0:24:23]} 24... Ke7 {[%clk 0:49:18]} 25. Bf3 {
[%clk 0:22:54]} 25... Nd6 {[%clk 0:46:04]} 26. Rh1 {[%clk 0:20:36]} 26... Rh8 {
[%clk 0:38:55]} 27. Nf6 {[%clk 0:18:51]} 27... Qb6 {[%clk 0:25:48]} 28. Rh2 {
[%clk 0:16:36]} 28... a5 {[%clk 0:25:29]} 29. Qe2 {[%clk 0:15:12]} 29... b4 {
[%clk 0:24:19]} 30. Rah1 {[%clk 0:14:18]} 30... bxc3 {[%clk 0:24:12]} 31. bxc3
{[%clk 0:14:41]} 31... Bc6 {[%clk 0:21:13]} 32. Bg3 {[%clk 0:10:04]} 32...
Rxh2+ {[%clk 0:20:01]} 33. Rxh2 {[%clk 0:10:29]} 33... Bxf6 {[%clk 0:17:11]}
34. gxf6+ {[%clk 0:10:54]} 34... Kxf6 {[%clk 0:17:37]} 35. Bh4+ {[%clk 0:11:16]
} 35... Kg7 {[%clk 0:17:56]} 36. Qf2 {[%clk 0:09:35]} 36... Nf5 {[%clk 0:11:39]
} 37. Qg1 {[%clk 0:00:55]} 37... Nxh4+ {[%clk 0:10:16]} 38. Rxh4 { [%clk
0:01:19]} 38... Rh8 {[%clk 0:09:55]} 39. Rxh8 {[%clk 0:01:00]} 39... Kxh8
{[%clk 0:10:20]} 40. Qc1 {[%clk 0:01:16]} 40... Kg7 {[%clk 0:07:52]} 41. Kg3 {
[%clk 0:24:23]} 41... Qb8 {[%clk 0:29:31]} 42. Kg2 {[%clk 0:21:43]} 42... a4 {
[%clk 0:26:17]} 43. Bd1 {[%clk 0:18:51]} 43... Kf6 {[%clk 0:23:18]} 44. a3 {
[%clk 0:15:59]} 44... Kg7 {[%clk 0:21:00]} 45. Bc2 {[%clk 0:13:38]} 45... f6 {
[%clk 0:19:43]} 46. Qb1 {[%clk 0:07:58]} 46... Qd6 {[%clk 0:13:59]} 47. Qb4 {
[%clk 0:06:16]} 47... Qxb4 {[%clk 0:14:14]} 48. cxb4 {[%clk 0:06:38]} 48... Bb5
{[%clk 0:14:14]} 49. Kg3 {[%clk 0:06:29]} 49... Kf7 {[%clk 0:12:24]} 50. Kg4 {
[%clk 0:05:39]} 50... Bd7 {[%clk 0:07:59]} 51. Kh4 {[%clk 0:05:41]} 51... e5 {
[%clk 0:07:38]} 52. fxe5 {[%clk 0:05:47]} 52... fxe5 {[%clk 0:08:00]} 53. Kg5 {
[%clk 0:04:11]} 53... e4 {[%clk 0:04:50]} 54. Bd1 {[%clk 0:03:51]} 54... Be8 {
[%clk 0:05:12]} 55. Bc2 {[%clk 0:03:52]} 55... Ke6 {[%clk 0:05:34]} 56. Bd1 {
[%clk 0:04:10]} 56... Kd6 {[%clk 0:06:01]} 57. Bc2 {[%clk 0:04:03]} 57... Kc7 {
[%clk 0:06:30]} 58. Bd1 {[%clk 0:04:27]} 58... Kb6 {[%clk 0:06:52]} 59. Kf6 {
[%clk 0:04:26]} 59... c3 {[%clk 0:05:39]} 60. Kg5 {[%clk 0:04:19]} 60... c2 {
[%clk 0:05:32]} 61. Bxc2 {[%clk 0:04:37]} 61... Kb5 62. Bb1 {[%clk 0:04:30]}
62... Kc4 {[%clk 0:06:08]} 63. Ba2+ {[%clk 0:04:45]} 63... Kd3 64. Kf4 { [%clk
0:04:10]} 64... g5+ {[%clk 0:06:32]} 65. Kxg5 {[%clk 0:04:18]} 65... Kxe3
{[%clk 0:06:50]} 66. Bxd5 {[%clk 0:04:29]} 66... Kxd4 {[%clk 0:06:53]} 67. Be6
{[%clk 0:03:22]} 67... e3 {[%clk 0:07:03]} 68. Bg4 {[%clk 0:02:57]} 68... Bb5 {
[%clk 0:07:28]} 69. Kf4 {[%clk 0:02:52]} 69... e2 {[%clk 0:07:48]} 70. Bxe2 {
[%clk 0:02:55]} 70... Bxe2 {[%clk 0:08:13]} 71. Kg3 {[%clk 0:03:17]} 71... Kc3
{[%clk 0:08:35]} 72. Kf2 {[%clk 0:03:36]} 72... Bb5 {[%clk 0:08:39]} 73. Ke1 {
[%clk 0:03:55]} 73... Kb2 74. Kd2 {[%clk 0:03:50]} 74... Kxa3 75. Kc2 Ka2 76.
Kc1 a3 77. Kc2 Ka1 78. Kc1 a2 79. Kc2 Bd7 80. Kc1 Bc6 81. Kc2 Be4+ 82. Kc1 Bd3
83. Kd2 Kb1 84. Kxd3 a1=Q 85. Kc4 Qa8 86. Kc5 Qb7 87. Kc4 Kb2 88. b5 Ka3 89.
Kc5 Ka4 90. b6 Ka5 91. Kd4 Qxb6+ 92. Ke5 Qd8 93. Ke4 Kb4 94. Ke5 Kc5 95. Ke4
Qd4+ 96. Kf5 Qe3 97. Kf6 Kd6 98. Kf5 Qe5+ 99. Kg4 Qf6 100. Kg3 Ke5 101. Kg4
Qf4+ 102. Kh3 Qg5 103. Kh2 Kf4 104. Kh1 Kf3 105. Kh2 Qg2# 0-1

[Event "DEM U18w 2019"]
[Site "Willingen GER"]
[Date "2019.06.12"]
[Round "5"]
[White "Peters, Jenna Maria Lara"]
[Black "Gesell, Patricia"]
[Result "1-0"]
[Termination "normal"]
[Board "13"]
[WhiteElo "1594"]
[BlackElo "1046"]
[WhiteClock "00:36:50"]
[BlackClock "00:25:44"]
[PlyCount "45"]
[WhiteFideId "16205464"]
[BlackFideId "16286960"]
[EventCountry "GER"]
[EventRounds "9"]
[EventType "swiss"]
[EventDate "2019.06.08"]

1. e4 {[%clk 1:30:57]} 1... c5 {[%clk 1:30:48]} 2. d4 {[%clk 1:31:04]} 2...
cxd4 {[%clk 1:30:06]} 3. c3 3... dxc3 {[%clk 1:28:14]} 4. Nxc3 {[%clk 1:31:47]}
4... d6 {[%clk 1:26:26]} 5. Nf3 {[%clk 1:31:47]} 5... Nc6 {[%clk 1:23:59]} 6.
Bb5 {[%clk 1:31:47]} 6... Bd7 {[%clk 1:23:03]} 7. O-O {[%clk 1:31:45]} 7... Nf6
{[%clk 1:22:09]} 8. Bg5 {[%clk 1:30:46]} 8... Qb6 {[%clk 1:17:29]} 9. Qd2 {
[%clk 1:23:47]} 9... O-O-O {[%clk 1:10:31]} 10. Rfc1 10... Nxe4 {[%clk 1:00:46]
} 11. Nxe4 {[%clk 1:01:02]} 11... Qxb5 {[%clk 0:59:22]} 12. Be3 {[%clk 0:59:03]
} 12... Kb8 13. Nd4 {[%clk 0:54:02]} 13... Nxd4 {[%clk 0:55:30]} 14. Qxd4 14...
b6 {[%clk 0:49:08]} 15. a4 {[%clk 0:49:00]} 15... Qe5 {[%clk 0:39:55]} 16. Qd3
{[%clk 0:39:49]} 16... Bf5 17. Qa6 {[%clk 0:38:36]} 17... d5 {[%clk 0:30:48]}
18. Bxb6 18... axb6 {[%clk 0:28:06]} 19. Qxb6+ {[%clk 0:36:51]} 19... Ka8 {
[%clk 0:28:24]} 20. Qxd8+ {[%clk 0:37:03]} 20... Qb8 {[%clk 0:27:54]} 21. Qa5+
21... Qa7 {[%clk 0:26:20]} 22. Qxd5+ {[%clk 0:36:40]} 22... Kb8 {[%clk 0:25:44]
} 23. Qd8+ {[%clk 0:36:50]} 1-0

[Event "DEM U18w 2019"]
[Site "Willingen GER"]
[Date "2019.06.12"]
[Round "6"]
[White "Könze, Heike"]
[Black "Alferova, Ekaterina"]
[Result "1/2-1/2"]
[Termination "normal"]
[Board "7"]
[WhiteElo "1919"]
[BlackElo "1597"]
[WhiteClock "00:19:47"]
[BlackClock "00:04:13"]
[PlyCount "105"]
[WhiteFideId "12964476"]
[BlackFideId "16217250"]
[EventCountry "GER"]
[EventRounds "9"]
[EventType "swiss"]
[EventDate "2019.06.08"]

1. e4 {[%clk 1:30:55]} 1... c6 {[%clk 1:30:45]} 2. d4 {[%clk 1:31:18]} 2... d5
{[%clk 1:31:07]} 3. Nc3 {[%clk 1:31:38]} 3... dxe4 {[%clk 1:31:24]} 4. Nxe4 {
[%clk 1:31:58]} 4... Bf5 {[%clk 1:31:44]} 5. Ng3 {[%clk 1:32:19]} 5... Bg6 {
[%clk 1:32:05]} 6. Nf3 {[%clk 1:32:38]} 6... h6 {[%clk 1:31:50]} 7. Bc4 { [%clk
1:32:15]} 7... e6 {[%clk 1:29:51]} 8. O-O {[%clk 1:31:00]} 8... Nd7 { [%clk
1:29:26]} 9. c3 {[%clk 1:30:02]} 9... Bd6 {[%clk 1:27:04]} 10. Re1 { [%clk
1:29:51]} 10... Ngf6 {[%clk 1:21:41]} 11. Qe2 {[%clk 1:28:10]} 11... Qe7 {[%clk
1:16:57]} 12. Bd2 {[%clk 1:25:17]} 12... Bxg3 {[%clk 1:14:35]} 13. hxg3 {[%clk
1:25:04]} 13... O-O {[%clk 1:14:07]} 14. Nh4 {[%clk 1:24:51]} 14... Bh7 {[%clk
1:14:01]} 15. Bd3 {[%clk 1:24:01]} 15... Bxd3 {[%clk 1:12:34]} 16. Qxd3 {[%clk
1:24:24]} 16... Qd8 {[%clk 1:12:03]} 17. c4 {[%clk 1:21:05]} 17... Nb6 { [%clk
0:59:45]} 18. Bb4 {[%clk 1:18:55]} 18... Re8 {[%clk 0:59:35]} 19. Rad1 { [%clk
1:19:02]} 19... Qd7 {[%clk 0:56:58]} 20. b3 {[%clk 1:18:55]} 20... Rad8 { [%clk
0:56:45]} 21. Qf3 {[%clk 1:18:20]} 21... Qc8 {[%clk 0:48:23]} 22. Bc3 { [%clk
1:15:52]} 22... Nbd7 {[%clk 0:46:11]} 23. Qe3 {[%clk 1:10:15]} 23... Qb8 {[%clk
0:38:42]} 24. Nf3 {[%clk 1:03:42]} 24... Ng4 {[%clk 0:30:26]} 25. Qe2 { [%clk
1:03:51]} 25... Ngf6 {[%clk 0:29:46]} 26. Nh2 {[%clk 1:02:46]} 26... Qc7 {[%clk
0:27:29]} 27. Qe3 {[%clk 1:02:24]} 27... Qb8 {[%clk 0:26:46]} 28. g4 { [%clk
1:01:32]} 28... Nh7 {[%clk 0:24:26]} 29. f4 {[%clk 1:00:30]} 29... Nhf8 { [%clk
0:22:02]} 30. Nf3 {[%clk 0:51:02]} 30... Ng6 {[%clk 0:21:21]} 31. g3 { [%clk
0:45:49]} 31... Nf6 {[%clk 0:16:39]} 32. g5 {[%clk 0:45:13]} 32... hxg5 { [%clk
0:16:30]} 33. Nxg5 {[%clk 0:45:30]} 33... Ne7 {[%clk 0:11:40]} 34. Qe2 { [%clk
0:40:24]} 34... Ng6 {[%clk 0:11:08]} 35. Qh2 {[%clk 0:39:27]} 35... Qd6 { [%clk
0:09:58]} 36. Rd2 {[%clk 0:34:50]} 36... c5 {[%clk 0:07:23]} 37. Red1 { [%clk
0:32:08]} 37... a6 {[%clk 0:05:27]} 38. a3 {[%clk 0:26:33]} 38... Qc6 { [%clk
0:04:06]} 39. Bb2 {[%clk 0:21:40]} 39... Qb6 {[%clk 0:03:10]} 40. Rd3 { [%clk
0:16:45]} 40... Qc6 {[%clk 0:02:51]} 41. Kf1 {[%clk 0:15:22]} 41... Kf8 { [%clk
0:19:09]} 42. dxc5 {[%clk 0:37:35]} 42... Rxd3 {[%clk 0:18:27]} 43. Rxd3 {[%clk
0:37:57]} 43... Qxc5 {[%clk 0:17:35]} 44. Nh7+ {[%clk 0:34:11]} 44... Ke7
{[%clk 0:11:09]} 45. Nxf6 {[%clk 0:33:44]} 45... gxf6 {[%clk 0:11:22]} 46. Qd2
{[%clk 0:33:40]} 46... Rh8 {[%clk 0:08:47]} 47. Rd7+ {[%clk 0:31:24]} 47... Kf8
{[%clk 0:09:06]} 48. Qg2 {[%clk 0:31:21]} 48... Qf5 {[%clk 0:07:40]} 49. Rd1
{[%clk 0:26:56]} 49... Qh5 {[%clk 0:06:44]} 50. Rd2 {[%clk 0:25:58]} 50... Qf5
{[%clk 0:06:21]} 51. Bc3 {[%clk 0:20:54]} 51... Qb1+ {[%clk 0:05:17]} 52. Kf2
{[%clk 0:21:13]} 52... Kg7 {[%clk 0:04:13]} 53. Rb2 {[%clk 0:19:47]} 1/2-1/2